| 000 | 00859nam a22001577a 4500 | ||
|---|---|---|---|
| 003 | OSt | ||
| 005 | 20150930100009.0 | ||
| 008 | 150930b xxu||||| |||| 00| 0 eng d | ||
| 040 | _cRUA | ||
| 082 | _aAGR HEN 2007 B062 Or.1 | ||
| 100 |
_91588 _aHENG, SOKLAING. |
||
| 245 | _aComparison du rendement des differentes varietes du niebe (VIGNA UNGUICULATA(L.) WALP)a la station exsperimentale de l'university royale d'agriculutre, ការប្រៀបធៀបពូជសណ្តែកពូជសណ្តែកអង្គុយ((VIGNA UNGUICULATA(L.) WALP) ប្រភេទផ្សេងៗគ្នានៅស្ថានីយ៍ពិសោធន៍ដំណាំនៃសាកលវិទ្យាល័យភូមមិន្ធកសិកម្ម. | ||
| 260 |
_aphnom phen _bRUA _c2007 |
||
| 300 |
_a43p. _bill. _c29cm. |
||
| 942 |
_2ddc _cAGR |
||
| 999 |
_c1499 _d1499 |
||